000 01709nam0a2200361 4500
001 RU\NLR\BIBL_A\011848746
005 20181126100106.0
010 _a978-5-91097-042-1
_9500
021 _aRU
_bКН-П-18-068156
_9КН-П-18-4901
035 _a(NLR Aleph) 011848746
035 _a(RuMoRGB)009743936
090 _a12090587
_c12090586
100 _a20181029d2018 d y0rusy50 ca
101 0 _afre
102 _aRU
105 _aa j 000zy
200 1 _aLe français par la chanson
_ela vie d'écolier
_e[exercices, activités
_eучебное пособие на французском языке с компакт-диском
_fV. Bandikian, K. Sergeïtchev]
210 _aСанкт-Петербург
_cЛюмьер
_d2018
215 _a79 с.
_cил.
_d29
300 _aАвт. указаны на обл.
300 _aВ вып. дан.: Песни на уроках французского языка / Бандикян Валерий Сергеевич, Сергейчев Константин Викторович
316 _aКомпакт-диск отсутствует
_5NLR
333 _aÀ partit de 8 ans
517 1 _aПесни на уроках французского языка
541 1 _aПесни на уроках французского языка
_zrus
606 1 _aФранцузский язык
_jУчебные издания
_2nlr_sh2
_3RU\NLR\AUTH\66964829
686 1 _aШ147.11-93рус
700 1 _aBandikjan
_bV.S.
_gValerij Sergeevič
701 1 _aSergejčev
_bK. V.
_gKonstantin Viktorovič
_3RU\NLR\AUTH\770143033
942 _cBOOK
980 _aNB